| 000 | 00430nam a2200169Ia 4500 | ||
|---|---|---|---|
| 008 | 241115s9999 xx 000 0 und d | ||
| 020 | _a0-13-046411-2 | ||
| 082 | _a621.395 FLO | ||
| 100 | _aFloyd, Thomas L. | ||
| 245 | 0 | _aDigital Fundamentals | |
| 250 | _a8th ed. | ||
| 260 |
_aNew Jerssey: _bPearson, _c2003 |
||
| 300 | _axvii,942p. | ||
| 600 | _aElectrical Engineering | ||
| 650 | _aElectronic Engineering | ||
| 942 | _cBBD | ||
| 999 |
_c26379 _d26379 |
||